Securing Africa : (Record no. 27134)

MARC details
000 -LEADER
fixed length control field 01046cam a22003135i 4500
001 - CONTROL NUMBER
control field 015385402
003 - CONTROL NUMBER IDENTIFIER
control field Uk
005 - DATE AND TIME OF LATEST TRANSACTION
control field 20190213111148.0
008 - FIXED-LENGTH DATA ELEMENTS--GENERAL INFORMATION
fixed length control field 090730s2010 enk frb 001|e eng|d
015 ## -
-- GBA996842
-- bnb
016 7# -
-- 015385402
-- Uk
020 ## - INTERNATIONAL STANDARD BOOK NUMBER
International Standard Book Number 9780754675457 (hbk.)
020 ## - INTERNATIONAL STANDARD BOOK NUMBER
International Standard Book Number 0754675459 (hbk.)
040 ## - CATALOGING SOURCE
Original cataloging agency StDuBDS
Language of cataloging eng
Transcribing agency StDuBDS
Modifying agency Uk
-- EG-ScBUE
082 04 - DEWEY DECIMAL CLASSIFICATION NUMBER
Classification number 363.32517096
Edition number 22
Item number SEC
245 00 - TITLE STATEMENT
Title Securing Africa :
Remainder of title post-9/11 discourses on terrorism /
Statement of responsibility, etc edited by Malinda S. Smith.
264 #1 - PUBLICATION, DISTRIBUTION, ETC. (IMPRINT)
Place of publication, distribution, etc Surrey, England ;
-- Burlington, Vermont :
Name of publisher, distributor, etc Ashgate Publishing Limited,
Date of publication, distribution, etc c.2010.
300 ## - PHYSICAL DESCRIPTION
Extent xxiii, 247 pages ;
Dimensions 24 cm.
336 ## - CONTENT TYPE
Content type term text
Source rdacontent
337 ## - MEDIA TYPE
Media type term unmediated
Source rdamedia
338 ## - CARRIER TYPE
Carrier type term volume
Source rdacarrier
500 ## - GENERAL NOTE
General note Includes index.
504 ## - BIBLIOGRAPHY, ETC. NOTE
Bibliography, etc Bibliography : p. 223-242.
650 #7 - SUBJECT ADDED ENTRY--TOPICAL TERM
Topical term or geographic name as entry element Terrorism
Geographic subdivision Africa
General subdivision Prevention.
Source of heading or term BUEsh
9 (RLIN) 41994
650 #7 - SUBJECT ADDED ENTRY--TOPICAL TERM
Topical term or geographic name as entry element Security, International
Geographic subdivision Africa.
Source of heading or term BUEsh
9 (RLIN) 41993
653 ## - INDEX TERM--UNCONTROLLED
Resource For college BAEPS, Political Science
Arrived date list February2019
700 1# - ADDED ENTRY--PERSONAL NAME
Personal name Smith, Malinda
Relator term collector.
942 ## - ADDED ENTRY ELEMENTS (KOHA)
Source of classification or shelving scheme Dewey Decimal Classification
Koha item type Book - Borrowing
Holdings
Withdrawn status Lost status Source of classification or shelving scheme Damaged status Not for loan Collection code Home library Current library Shelving location Date acquired Source of acquisition Cost, normal purchase price Serial Enumeration / chronology Total Checkouts Full call number Barcode Date last seen Price effective from Koha item type
    Dewey Decimal Classification     MERIC Central Library Central Library First floor 12/02/2019 Purchase 572.15 000292   363.32517096 SEC 000044178 15/07/2025 12/02/2019 Book - Borrowing